LEADER 00969nam a2200205 i 4500 001 000000357632 003 CaOOAMICUS 005 20240318140710.0 008 240318s2022 be u000 u fre u 040 $aSeMil$bita 245 00$a1: [Texte]. 264 1$aLovanii :$bIn aedibus Peeters,$c2022. 300 $aXI, 195 p. ;$c25 cm. 546 $aTesto in georgiano che precede la traduzione francese del vol. successivo; introduzione in francese 773 0 $tConversion du Kartli.$dLovanii : In aedibus Peeters, 2022.$kCorpus Scriptorum Christianorum Orientalium. Scriptores Iberici$kCorpus Scriptorum Christianorum Orientalium$z978-90-429-4922-5$z978-90-429-4924-9$g1$w()357630 850 $aSeMil 852 $aSeMil$W1$xVenegono$y1$m2TA A 706$j246854$B248810$CSeMilBibl$Z2$F248810 $81 996 $6245$a1: [Texte]$9(OLS)http://semarc/title/425917 996 $6264$aLovanii :$bIn aedibus Peeters$9(OLS)http://semarc/publisher/30114 LEADER 01293nam a2200265 i 4500 001 000000019157 003 CaOOAMICUS 005 20180830125444.0 008 180830s1832 it u000 u ita u 040 $aSeMil$bita 100 1 $aTennemann, Wilhelm Gottlieb,$d<1761-1819>.$0(OLS)http://semarc/name/5796 245 10$aManuale della storia della filosofia /$cdi Guglielmo Tennemann ; tradotto da Francesco Longhena ; con note e supplimenti dei professori Gian Domenico Romagnosi e Baldassare Poli. 260 $aMilano :$bPer Antonio Fontana,$c1832-1836. 300 $a3 v. ;$c18 cm. 500 $aLegati insieme i vol. 1-2. 650 4$aFilosofia - Manuali.$0(OLS)http://semarc/subject/134 650 4$aFilosofia - Storia.$0(OLS)http://semarc/subject/241 700 1 $aPoli, Baldassare <1795-1883>.$0(OLS)http://semarc/name/3169 700 1 $aRomagnosi, Gian Domenico,$d<1761-1835>.$0(OLS)http://semarc/name/2860 700 1 $aLonghena, Francesco,$d<1796-1864>.$0(OLS)http://semarc/name/89903 774 0 $tVol. 1.$g1$w()49372 774 0 $tVol. 2.$g2$w()225004 774 0 $tVol. 3 contenente i supplementi.$g3$w()225005 996 $6245$aManuale della storia della filosofia$9(OLS)http://semarc/title/25183 996 $6260$aMilano :$bPer Antonio Fontana$9(OLS)http://semarc/publisher/35032